LEADER 02005oas 2200745 a 450 001 9910310640703321 005 20251106213014.0 011 $a1947-8704 035 $a(OCoLC)318650550 035 $a(CONSER) 2009201509 035 $a(CKB)991042727075370 035 $a(EXLCZ)99991042727075370 100 $a20090417b200u2010 uy a 101 0 $aeng 135 $aur||||||||||| 181 $ctxt$2rdacontent 182 $cc$2rdamedia 183 $acr$2rdacarrier 200 00$aAnesthesia & pain management coding alert 210 $aNaples, FL $cCoding Institute 215 $a1 online resource 311 08$a1535-590X 517 1 $aAnesthesia and pain management coding alert 531 0 $aAnesth. pain manag. coding alert 606 $aDiagnosis related groups$vPeriodicals 606 $aNosology$vPeriodicals 606 $aPain$vPeriodicals 606 $aAnesthesia$vPeriodicals 606 $aDiagnosis-Related Groups 606 $aNosology$2fast$3(OCoLC)fst01039530 606 $aDiagnosis related groups$2fast$3(OCoLC)fst00892299 606 $aPain$2fast$3(OCoLC)fst01050382 606 $aAnesthesia$2fast$3(OCoLC)fst00808644 608 $aPeriodicals.$2fast 608 $aPeriodicals.$2lcgft 615 0$aDiagnosis related groups 615 0$aNosology 615 0$aPain 615 0$aAnesthesia 615 2$aDiagnosis-Related Groups. 615 7$aNosology. 615 7$aDiagnosis related groups. 615 7$aPain. 615 7$aAnesthesia. 712 02$aCoding Institute, 801 0$bNSD 801 1$bNSD 801 2$bDLC 801 2$bOCLCQ 801 2$bVT2 801 2$bOCLCF 801 2$bZ5A 801 2$bOCL 801 2$bCUS 801 2$bOCLCO 801 2$bOCL 801 2$bOCLCA 801 2$bWAU 801 2$bOCLCQ 801 2$bOCLCL 801 2$bOCLCQ 906 $aJOURNAL 912 $a9910310640703321 996 $aAnesthesia & pain management coding alert$92564474 997 $aUNINA